El pensamiento vivo de Andrés Bello /
Selección de la obra de Andrés Bello, intelectual y educador venezolano del siglo XIX. Algunas de las obras seleccionadas son artículos periodísticos, discursos y ensayos tanto sobre literatura como sobre educación, filosofía y derecho.
Sparad:
| Huvudupphov: | |
|---|---|
| Övriga upphov: | |
| Materialtyp: | Bok |
| Språk: | spanska |
| Utgiven: |
Buenos Aires, Argentina :
Losada,
1946, c1946
|
| Serie: | (Biblioteca del Pensamiento Vivo ;
33) |
| Ämnen: | |
| Taggar: |
Inga taggar, Lägg till första taggen!
|
MARC
| LEADER | 00000nam^a2200000^a^4500 | ||
|---|---|---|---|
| 001 | 000151272 | ||
| 005 | 20250521000000.0 | ||
| 009 | 20260310100204.206 | ||
| 037 | |a Acervo ITESO - Biblioteca | ||
| 041 | |a ESP | ||
| 082 | |a 980. 031 |b BEL | ||
| 100 | |a Bello, Andrés |e (autor) | ||
| 245 | 1 | 3 | |a El pensamiento vivo de Andrés Bello / |c A. Bello ; selec. y prelim. de G. Arciniegas. |
| 264 | 4 | |a Buenos Aires, Argentina : |b Losada, |c 1946, c1946 | |
| 300 | |a 214 p. | ||
| 336 | |a texto |b txt |2 rdacontenido | ||
| 337 | |a sin mediación |b n |2 rdamedio | ||
| 338 | |a volumen |b nc |2 rdasoporte | ||
| 440 | 1 | |a (Biblioteca del Pensamiento Vivo ; |v 33) | |
| 520 | |a Selección de la obra de Andrés Bello, intelectual y educador venezolano del siglo XIX. Algunas de las obras seleccionadas son artículos periodísticos, discursos y ensayos tanto sobre literatura como sobre educación, filosofía y derecho. | ||
| 649 | |a XX | ||
| 650 | |a Escritores Venezolanos | ||
| 650 | |a Educadores Venezolanos | ||
| 650 | |a Intelectuales Venezolanos | ||
| 650 | |a Poesía Venezolana - |x Historia y Crítica | ||
| 650 | |a Literatura Venezolana - |x Historia y Crítica | ||
| 650 | |a Literatura Venezolana - |y Siglo XIX | ||
| 650 | |a Derecho - |z Venezuela | ||
| 650 | |a Educación - |z Venezuela - |x Historia | ||
| 650 | |a Venezuela - |x Historia - |y Epoca Colonial, 1528-1823 | ||
| 650 | |a Venezuela - |x Historia - |y 1823-1830 | ||
| 650 | |a Venezuela - |x Historia - |y 1830-1864 | ||
| 650 | |a Venezuela - |x Historia - |y Siglo XIX | ||
| 650 | |a Bello, Andrés - |x Tema Principal | ||
| 700 | |a Arciniegas, Germán |e (selección y preliminares) | ||
| 910 | |a Fondo Salvador Reynoso Reynoso | ||
| 920 | |a Impresos - Libros | ||
| 930 | |a Fondos Especiales | ||
| 905 | |a 112 | ||
| 901 | |a 0800015944 |b IT2 |c ESP |u 20250521 | ||
| 902 | |a https://opac.biblio.iteso.mx/vufind/Record/000151272 | ||